Etica y moral: una introducción a la filosofía práctica

Guardat en:
Dades bibliogràfiques
Autor principal: Pieper, Annemarie (Autor)
Format: Llibre
Idioma:espanyol
Publicat: Barcelona Crítica 1991
Matèries:
Etiquetes: Afegir etiqueta
Sense etiquetes, Sigues el primer a etiquetar aquest registre!

MARC

LEADER 00000nam a2200000 a 4500
001 UCX5982
003 CL-VaPUC
008 930325e19910000SP |||||||||||||||||spa|d
082 0 4 |a 170  |b PIE  |2 21 
100 0 |a Pieper, Annemarie  |e author  |9 322354 
245 1 0 |a Etica y moral: una introducción a la filosofía práctica 
300 |a 251 p 
942 |c BK 
945 |d 19930325 00:00:00 
260 |a Barcelona  |b Crítica  |c 1991 
650 0 |a Ética  |9 255099 
650 0 |a Vida cotidiana   |9 322355 
650 0 |a Experiencia  |9 308852 
650 0 |a Relativismo  |9 322356 
650 0 |a Felicidad  |9 257029 
650 0 |a Ciencias sociales   |9 256351 
650 0 |a Libertad  |9 255686 
650 0 |a Determinismo  |9 322357 
650 0 |a Bien y mal   |9 311093 
650 0 |a Conciencia  |9 309452 
650 0 |a Fenomenología  |9 256519 
650 0 |a Existencialismo  |9 265698 
650 7 |a EUDEMONISMO  |2 CL-VaPUC  |9 322358 
650 7 |a CONTRACTUALISMO  |2 CL-VaPUC  |9 322359 
650 7 |a MARXISMO  |2 CL-VaPUC  |9 322360 
583 |a last modification  |c 19930325 00:00:00  |k Rodrigo Vera 
999 |c 226088  |d 226086 
952 |0 0  |1 1  |2 ddc  |4 0  |6 170_000000000000000_PIE_1991  |7 0  |8 A  |9 224193  |a BIBTEO  |b BIBTEO  |d 2019-11-15  |i 2929929  |o 170 PIE 1991  |p 2929929  |r 2019-11-15  |w 2019-11-15  |y BK  |k ICR